Vuoden naissolistin Emma-palkinnon voittajat - Statistics

Yleistilastot
  • Tätä visaa on pelattu 49 kertaa
  • Keskiarvotulos 19 / 34
Vastaustilastot
Artisti % Oikein
Kaija Koo
91%
Kaija Koo
91%
Kaija Koo
91%
Jenni Vartiainen
88%
Sanni
79%
Sanni
79%
Vesala
77%
Katri Helena
74%
Maija Vilkkumaa
74%
Maija Vilkkumaa
74%
Anna Puu
72%
Anna Puu
72%
Anna Puu
72%
Chisu
72%
Ellinoora
72%
Evelina
65%
Anna Eriksson
63%
Arja Koriseva
63%
Anna Abreu
60%
Anna Abreu
60%
Paula Koivuniemi
60%
Jonna Tervomaa
51%
Jonna Tervomaa
51%
Laura Voutilainen
47%
Laura Voutilainen
47%
Marita Taavitsainen
47%
Anna Hanski
35%
Anita Hirvonen
23%
Anneli Saaristo
21%
Arja Saijonmaa
19%
Mari Rantasila
19%
Vera Telenius
16%
Emmi
12%
Emma Salokoski
5%
Ehtoja vastaavia visoja ei löytynyt
Tulosjakauma
Jokaisen tuloksen saaneiden osuus
Persentiili vastausten määrän mukaan
Tuloshistoriasi
Et ole pelannut tätä visaa